<?xml version="1.0" encoding="UTF-8"?>
<record
    xmlns:xsi="http://www.w3.org/2001/XMLSchema-instance"
    xsi:schemaLocation="http://www.loc.gov/MARC21/slim http://www.loc.gov/standards/marcxml/schema/MARC21slim.xsd"
    xmlns="http://www.loc.gov/MARC21/slim">

  <leader>00422pam a2200145a 44500</leader>
  <controlfield tag="008">230405s2007    xxu||||| |||| 00| 0 eng d</controlfield>
  <datafield tag="041" ind1=" " ind2=" ">
    <subfield code="a">ENG</subfield>
  </datafield>
  <datafield tag="100" ind1=" " ind2=" ">
    <subfield code="a">Singh B.D</subfield>
  </datafield>
  <datafield tag="245" ind1=" " ind2=" ">
    <subfield code="a">FUNDAMENTALS OF GENETICS</subfield>
  </datafield>
  <datafield tag="250" ind1=" " ind2=" ">
    <subfield code="a">4th rev.2007 . . . . . . Ed.</subfield>
  </datafield>
  <datafield tag="260" ind1=" " ind2=" ">
    <subfield code="a">Ludhiana</subfield>
    <subfield code="b">Kalyani Publishers,</subfield>
    <subfield code="c">2007</subfield>
  </datafield>
  <datafield tag="300" ind1=" " ind2=" ">
    <subfield code="a">719p.</subfield>
  </datafield>
  <datafield tag="440" ind1=" " ind2=" ">
    <subfield code="a">BHARATI GRAHAK BHANDAR PUNE B-143, DT-10/09/2007,B-2470, DT-15/12/2017</subfield>
  </datafield>
  <datafield tag="906" ind1=" " ind2=" ">
    <subfield code="a">99</subfield>
  </datafield>
  <datafield tag="999" ind1=" " ind2=" ">
    <subfield code="c">288978</subfield>
    <subfield code="d">288978</subfield>
  </datafield>
  <datafield tag="952" ind1=" " ind2=" ">
    <subfield code="0">0</subfield>
    <subfield code="1">0</subfield>
    <subfield code="4">0</subfield>
    <subfield code="7">0</subfield>
    <subfield code="8">C</subfield>
    <subfield code="a">AGK</subfield>
    <subfield code="b">AGK</subfield>
    <subfield code="d">2020-12-28</subfield>
    <subfield code="l">0</subfield>
    <subfield code="p">AGK-H-1425</subfield>
    <subfield code="r">2023-04-17 00:00:00</subfield>
    <subfield code="w">2023-04-17</subfield>
    <subfield code="y">BK</subfield>
  </datafield>
  <datafield tag="952" ind1=" " ind2=" ">
    <subfield code="0">0</subfield>
    <subfield code="1">0</subfield>
    <subfield code="4">0</subfield>
    <subfield code="7">0</subfield>
    <subfield code="8">C</subfield>
    <subfield code="a">AGK</subfield>
    <subfield code="b">AGK</subfield>
    <subfield code="d">2020-12-28</subfield>
    <subfield code="l">0</subfield>
    <subfield code="p">AGK-H-1424</subfield>
    <subfield code="r">2023-04-17 00:00:00</subfield>
    <subfield code="w">2023-04-17</subfield>
    <subfield code="y">BK</subfield>
  </datafield>
  <datafield tag="952" ind1=" " ind2=" ">
    <subfield code="0">0</subfield>
    <subfield code="1">0</subfield>
    <subfield code="4">0</subfield>
    <subfield code="7">0</subfield>
    <subfield code="8">C</subfield>
    <subfield code="a">AGK</subfield>
    <subfield code="b">AGK</subfield>
    <subfield code="d">2020-12-28</subfield>
    <subfield code="l">0</subfield>
    <subfield code="p">AGK-H-1423</subfield>
    <subfield code="r">2023-04-17 00:00:00</subfield>
    <subfield code="w">2023-04-17</subfield>
    <subfield code="y">BK</subfield>
  </datafield>
  <datafield tag="952" ind1=" " ind2=" ">
    <subfield code="0">0</subfield>
    <subfield code="1">0</subfield>
    <subfield code="4">0</subfield>
    <subfield code="7">0</subfield>
    <subfield code="8">C</subfield>
    <subfield code="a">AGK</subfield>
    <subfield code="b">AGK</subfield>
    <subfield code="d">2020-12-28</subfield>
    <subfield code="l">1</subfield>
    <subfield code="p">AGK-H-1422</subfield>
    <subfield code="q">2026-06-19</subfield>
    <subfield code="r">2026-06-19 00:00:00</subfield>
    <subfield code="s">2026-06-19</subfield>
    <subfield code="w">2023-04-17</subfield>
    <subfield code="y">BK</subfield>
  </datafield>
  <datafield tag="952" ind1=" " ind2=" ">
    <subfield code="0">0</subfield>
    <subfield code="1">0</subfield>
    <subfield code="4">0</subfield>
    <subfield code="7">0</subfield>
    <subfield code="8">C</subfield>
    <subfield code="a">AGK</subfield>
    <subfield code="b">AGK</subfield>
    <subfield code="d">2020-12-28</subfield>
    <subfield code="l">1</subfield>
    <subfield code="p">AGK-H-1421</subfield>
    <subfield code="r">2026-05-30 00:00:00</subfield>
    <subfield code="s">2026-05-09</subfield>
    <subfield code="w">2023-04-17</subfield>
    <subfield code="y">BK</subfield>
  </datafield>
  <datafield tag="952" ind1=" " ind2=" ">
    <subfield code="0">0</subfield>
    <subfield code="1">0</subfield>
    <subfield code="4">0</subfield>
    <subfield code="7">0</subfield>
    <subfield code="8">C</subfield>
    <subfield code="a">AGK</subfield>
    <subfield code="b">AGK</subfield>
    <subfield code="d">2020-12-28</subfield>
    <subfield code="l">0</subfield>
    <subfield code="p">AGK-H-1420</subfield>
    <subfield code="r">2023-04-17 00:00:00</subfield>
    <subfield code="w">2023-04-17</subfield>
    <subfield code="y">BK</subfield>
  </datafield>
  <datafield tag="952" ind1=" " ind2=" ">
    <subfield code="0">0</subfield>
    <subfield code="1">0</subfield>
    <subfield code="4">0</subfield>
    <subfield code="7">0</subfield>
    <subfield code="8">C</subfield>
    <subfield code="a">AGK</subfield>
    <subfield code="b">AGK</subfield>
    <subfield code="d">2020-12-28</subfield>
    <subfield code="l">0</subfield>
    <subfield code="p">AGK-H-1419</subfield>
    <subfield code="r">2023-04-17 00:00:00</subfield>
    <subfield code="w">2023-04-17</subfield>
    <subfield code="y">BK</subfield>
  </datafield>
  <datafield tag="952" ind1=" " ind2=" ">
    <subfield code="0">0</subfield>
    <subfield code="1">0</subfield>
    <subfield code="4">0</subfield>
    <subfield code="7">0</subfield>
    <subfield code="8">C</subfield>
    <subfield code="a">AGK</subfield>
    <subfield code="b">AGK</subfield>
    <subfield code="d">2020-12-28</subfield>
    <subfield code="l">0</subfield>
    <subfield code="p">AGK-H-1418</subfield>
    <subfield code="r">2023-04-17 00:00:00</subfield>
    <subfield code="w">2023-04-17</subfield>
    <subfield code="y">BK</subfield>
  </datafield>
  <datafield tag="952" ind1=" " ind2=" ">
    <subfield code="0">0</subfield>
    <subfield code="1">0</subfield>
    <subfield code="4">0</subfield>
    <subfield code="7">0</subfield>
    <subfield code="8">C</subfield>
    <subfield code="a">AGK</subfield>
    <subfield code="b">AGK</subfield>
    <subfield code="d">2020-12-28</subfield>
    <subfield code="l">0</subfield>
    <subfield code="p">AGK-H-1417</subfield>
    <subfield code="r">2023-04-17 00:00:00</subfield>
    <subfield code="w">2023-04-17</subfield>
    <subfield code="y">BK</subfield>
  </datafield>
  <datafield tag="952" ind1=" " ind2=" ">
    <subfield code="0">0</subfield>
    <subfield code="1">0</subfield>
    <subfield code="4">0</subfield>
    <subfield code="7">0</subfield>
    <subfield code="8">C</subfield>
    <subfield code="a">AGK</subfield>
    <subfield code="b">AGK</subfield>
    <subfield code="d">2020-12-28</subfield>
    <subfield code="l">0</subfield>
    <subfield code="p">AGK-H-1416</subfield>
    <subfield code="r">2023-04-17 00:00:00</subfield>
    <subfield code="w">2023-04-17</subfield>
    <subfield code="y">BK</subfield>
  </datafield>
  <datafield tag="952" ind1=" " ind2=" ">
    <subfield code="0">0</subfield>
    <subfield code="1">0</subfield>
    <subfield code="4">0</subfield>
    <subfield code="7">0</subfield>
    <subfield code="8">C</subfield>
    <subfield code="a">AGK</subfield>
    <subfield code="b">AGK</subfield>
    <subfield code="c">11/E</subfield>
    <subfield code="d">2018-07-31</subfield>
    <subfield code="l">0</subfield>
    <subfield code="p">AGK-5208</subfield>
    <subfield code="r">2023-04-17 00:00:00</subfield>
    <subfield code="w">2023-04-17</subfield>
    <subfield code="y">BK</subfield>
  </datafield>
  <datafield tag="952" ind1=" " ind2=" ">
    <subfield code="0">0</subfield>
    <subfield code="1">0</subfield>
    <subfield code="4">0</subfield>
    <subfield code="7">0</subfield>
    <subfield code="8">C</subfield>
    <subfield code="a">AGK</subfield>
    <subfield code="b">AGK</subfield>
    <subfield code="c">11/E</subfield>
    <subfield code="d">2018-07-31</subfield>
    <subfield code="l">0</subfield>
    <subfield code="p">AGK-5207</subfield>
    <subfield code="r">2023-04-17 00:00:00</subfield>
    <subfield code="w">2023-04-17</subfield>
    <subfield code="y">BK</subfield>
  </datafield>
  <datafield tag="952" ind1=" " ind2=" ">
    <subfield code="0">0</subfield>
    <subfield code="1">0</subfield>
    <subfield code="4">0</subfield>
    <subfield code="7">0</subfield>
    <subfield code="8">C</subfield>
    <subfield code="a">AGK</subfield>
    <subfield code="b">AGK</subfield>
    <subfield code="c">11/E</subfield>
    <subfield code="d">2018-07-31</subfield>
    <subfield code="l">0</subfield>
    <subfield code="p">AGK-5206</subfield>
    <subfield code="r">2023-04-17 00:00:00</subfield>
    <subfield code="w">2023-04-17</subfield>
    <subfield code="y">BK</subfield>
  </datafield>
  <datafield tag="952" ind1=" " ind2=" ">
    <subfield code="0">0</subfield>
    <subfield code="1">0</subfield>
    <subfield code="4">0</subfield>
    <subfield code="7">0</subfield>
    <subfield code="8">C</subfield>
    <subfield code="a">AGK</subfield>
    <subfield code="b">AGK</subfield>
    <subfield code="c">11/E</subfield>
    <subfield code="d">2018-07-31</subfield>
    <subfield code="l">0</subfield>
    <subfield code="p">AGK-5205</subfield>
    <subfield code="r">2023-04-17 00:00:00</subfield>
    <subfield code="w">2023-04-17</subfield>
    <subfield code="y">BK</subfield>
  </datafield>
  <datafield tag="952" ind1=" " ind2=" ">
    <subfield code="0">0</subfield>
    <subfield code="1">0</subfield>
    <subfield code="4">0</subfield>
    <subfield code="7">0</subfield>
    <subfield code="8">C</subfield>
    <subfield code="a">AGK</subfield>
    <subfield code="b">AGK</subfield>
    <subfield code="c">11/E</subfield>
    <subfield code="d">2018-07-31</subfield>
    <subfield code="l">0</subfield>
    <subfield code="p">AGK-5204</subfield>
    <subfield code="r">2023-04-17 00:00:00</subfield>
    <subfield code="w">2023-04-17</subfield>
    <subfield code="y">BK</subfield>
  </datafield>
  <datafield tag="952" ind1=" " ind2=" ">
    <subfield code="0">0</subfield>
    <subfield code="1">0</subfield>
    <subfield code="4">0</subfield>
    <subfield code="7">0</subfield>
    <subfield code="8">C</subfield>
    <subfield code="a">AGK</subfield>
    <subfield code="b">AGK</subfield>
    <subfield code="c">11/E</subfield>
    <subfield code="d">2018-07-28</subfield>
    <subfield code="l">0</subfield>
    <subfield code="p">AGK-5173</subfield>
    <subfield code="r">2023-04-17 00:00:00</subfield>
    <subfield code="w">2023-04-17</subfield>
    <subfield code="y">BK</subfield>
  </datafield>
  <datafield tag="952" ind1=" " ind2=" ">
    <subfield code="0">0</subfield>
    <subfield code="1">0</subfield>
    <subfield code="4">0</subfield>
    <subfield code="7">0</subfield>
    <subfield code="8">C</subfield>
    <subfield code="a">AGK</subfield>
    <subfield code="b">AGK</subfield>
    <subfield code="c">11/E</subfield>
    <subfield code="d">2018-07-28</subfield>
    <subfield code="l">0</subfield>
    <subfield code="p">AGK-5174</subfield>
    <subfield code="r">2023-04-17 00:00:00</subfield>
    <subfield code="w">2023-04-17</subfield>
    <subfield code="y">BK</subfield>
  </datafield>
  <datafield tag="952" ind1=" " ind2=" ">
    <subfield code="0">0</subfield>
    <subfield code="1">0</subfield>
    <subfield code="4">0</subfield>
    <subfield code="7">0</subfield>
    <subfield code="8">C</subfield>
    <subfield code="a">AGK</subfield>
    <subfield code="b">AGK</subfield>
    <subfield code="c">11/E</subfield>
    <subfield code="d">2018-07-28</subfield>
    <subfield code="l">0</subfield>
    <subfield code="p">AGK-5172</subfield>
    <subfield code="r">2023-04-17 00:00:00</subfield>
    <subfield code="w">2023-04-17</subfield>
    <subfield code="y">BK</subfield>
  </datafield>
  <datafield tag="952" ind1=" " ind2=" ">
    <subfield code="0">0</subfield>
    <subfield code="1">0</subfield>
    <subfield code="4">0</subfield>
    <subfield code="7">0</subfield>
    <subfield code="8">C</subfield>
    <subfield code="a">AGK</subfield>
    <subfield code="b">AGK</subfield>
    <subfield code="c">11/E</subfield>
    <subfield code="d">2018-07-28</subfield>
    <subfield code="l">1</subfield>
    <subfield code="p">AGK-5171</subfield>
    <subfield code="r">2026-01-29 00:00:00</subfield>
    <subfield code="s">2026-01-17</subfield>
    <subfield code="w">2023-04-17</subfield>
    <subfield code="y">BK</subfield>
  </datafield>
  <datafield tag="952" ind1=" " ind2=" ">
    <subfield code="0">0</subfield>
    <subfield code="1">0</subfield>
    <subfield code="4">0</subfield>
    <subfield code="7">0</subfield>
    <subfield code="8">C</subfield>
    <subfield code="a">AGK</subfield>
    <subfield code="b">AGK</subfield>
    <subfield code="c">11/E</subfield>
    <subfield code="d">2018-07-28</subfield>
    <subfield code="l">0</subfield>
    <subfield code="p">AGK-5170</subfield>
    <subfield code="r">2023-04-17 00:00:00</subfield>
    <subfield code="w">2023-04-17</subfield>
    <subfield code="y">BK</subfield>
  </datafield>
  <datafield tag="952" ind1=" " ind2=" ">
    <subfield code="0">0</subfield>
    <subfield code="1">0</subfield>
    <subfield code="4">0</subfield>
    <subfield code="7">0</subfield>
    <subfield code="8">C</subfield>
    <subfield code="a">AGK</subfield>
    <subfield code="b">AGK</subfield>
    <subfield code="c">11/E</subfield>
    <subfield code="d">2018-07-28</subfield>
    <subfield code="l">1</subfield>
    <subfield code="p">AGK-5169</subfield>
    <subfield code="q">2024-03-12</subfield>
    <subfield code="r">2024-03-12 00:00:00</subfield>
    <subfield code="s">2024-03-12</subfield>
    <subfield code="w">2023-04-17</subfield>
    <subfield code="y">BK</subfield>
  </datafield>
  <datafield tag="952" ind1=" " ind2=" ">
    <subfield code="0">0</subfield>
    <subfield code="1">0</subfield>
    <subfield code="4">0</subfield>
    <subfield code="7">0</subfield>
    <subfield code="8">C</subfield>
    <subfield code="a">AGK</subfield>
    <subfield code="b">AGK</subfield>
    <subfield code="c">11/E</subfield>
    <subfield code="d">2018-07-28</subfield>
    <subfield code="l">0</subfield>
    <subfield code="p">AGK-5168</subfield>
    <subfield code="r">2023-04-17 00:00:00</subfield>
    <subfield code="w">2023-04-17</subfield>
    <subfield code="y">BK</subfield>
  </datafield>
  <datafield tag="952" ind1=" " ind2=" ">
    <subfield code="0">0</subfield>
    <subfield code="1">0</subfield>
    <subfield code="4">0</subfield>
    <subfield code="7">0</subfield>
    <subfield code="8">C</subfield>
    <subfield code="a">AGK</subfield>
    <subfield code="b">AGK</subfield>
    <subfield code="c">11/F</subfield>
    <subfield code="d">2018-07-28</subfield>
    <subfield code="l">1</subfield>
    <subfield code="p">AGK-5167</subfield>
    <subfield code="r">2026-01-29 00:00:00</subfield>
    <subfield code="s">2026-01-17</subfield>
    <subfield code="w">2023-04-17</subfield>
    <subfield code="y">BK</subfield>
  </datafield>
  <datafield tag="952" ind1=" " ind2=" ">
    <subfield code="0">0</subfield>
    <subfield code="1">0</subfield>
    <subfield code="4">0</subfield>
    <subfield code="7">0</subfield>
    <subfield code="8">C</subfield>
    <subfield code="a">AGK</subfield>
    <subfield code="b">AGK</subfield>
    <subfield code="c">11/E</subfield>
    <subfield code="d">2018-07-28</subfield>
    <subfield code="l">0</subfield>
    <subfield code="p">AGK-5166</subfield>
    <subfield code="r">2023-04-17 00:00:00</subfield>
    <subfield code="w">2023-04-17</subfield>
    <subfield code="y">BK</subfield>
  </datafield>
  <datafield tag="952" ind1=" " ind2=" ">
    <subfield code="0">0</subfield>
    <subfield code="1">0</subfield>
    <subfield code="4">0</subfield>
    <subfield code="7">0</subfield>
    <subfield code="8">C</subfield>
    <subfield code="a">AGK</subfield>
    <subfield code="b">AGK</subfield>
    <subfield code="c">11/E</subfield>
    <subfield code="d">2018-07-28</subfield>
    <subfield code="l">0</subfield>
    <subfield code="p">AGK-5165</subfield>
    <subfield code="r">2023-04-17 00:00:00</subfield>
    <subfield code="w">2023-04-17</subfield>
    <subfield code="y">BK</subfield>
  </datafield>
  <datafield tag="952" ind1=" " ind2=" ">
    <subfield code="0">0</subfield>
    <subfield code="1">0</subfield>
    <subfield code="4">0</subfield>
    <subfield code="7">0</subfield>
    <subfield code="8">C</subfield>
    <subfield code="a">AGK</subfield>
    <subfield code="b">AGK</subfield>
    <subfield code="c">11/E</subfield>
    <subfield code="d">2018-07-28</subfield>
    <subfield code="l">2</subfield>
    <subfield code="p">AGK-5164</subfield>
    <subfield code="r">2025-03-25 00:00:00</subfield>
    <subfield code="s">2024-12-05</subfield>
    <subfield code="w">2023-04-17</subfield>
    <subfield code="y">BK</subfield>
  </datafield>
  <datafield tag="952" ind1=" " ind2=" ">
    <subfield code="0">0</subfield>
    <subfield code="1">0</subfield>
    <subfield code="4">0</subfield>
    <subfield code="7">0</subfield>
    <subfield code="8">C</subfield>
    <subfield code="a">AGK</subfield>
    <subfield code="b">AGK</subfield>
    <subfield code="c">11/E</subfield>
    <subfield code="d">2018-07-28</subfield>
    <subfield code="l">0</subfield>
    <subfield code="p">AGK-5163</subfield>
    <subfield code="r">2023-04-17 00:00:00</subfield>
    <subfield code="w">2023-04-17</subfield>
    <subfield code="y">BK</subfield>
  </datafield>
  <datafield tag="952" ind1=" " ind2=" ">
    <subfield code="0">0</subfield>
    <subfield code="1">0</subfield>
    <subfield code="4">0</subfield>
    <subfield code="7">0</subfield>
    <subfield code="8">C</subfield>
    <subfield code="a">AGK</subfield>
    <subfield code="b">AGK</subfield>
    <subfield code="c">11/E</subfield>
    <subfield code="d">2018-07-28</subfield>
    <subfield code="l">1</subfield>
    <subfield code="p">AGK-5162</subfield>
    <subfield code="r">2025-04-17 00:00:00</subfield>
    <subfield code="s">2025-04-16</subfield>
    <subfield code="w">2023-04-17</subfield>
    <subfield code="y">BK</subfield>
  </datafield>
  <datafield tag="952" ind1=" " ind2=" ">
    <subfield code="0">0</subfield>
    <subfield code="1">0</subfield>
    <subfield code="4">0</subfield>
    <subfield code="7">0</subfield>
    <subfield code="8">C</subfield>
    <subfield code="a">AGK</subfield>
    <subfield code="b">AGK</subfield>
    <subfield code="c">11/E</subfield>
    <subfield code="d">2018-07-28</subfield>
    <subfield code="l">0</subfield>
    <subfield code="p">AGK-5161</subfield>
    <subfield code="r">2023-04-17 00:00:00</subfield>
    <subfield code="w">2023-04-17</subfield>
    <subfield code="y">BK</subfield>
  </datafield>
  <datafield tag="952" ind1=" " ind2=" ">
    <subfield code="0">0</subfield>
    <subfield code="1">0</subfield>
    <subfield code="4">0</subfield>
    <subfield code="7">0</subfield>
    <subfield code="8">C</subfield>
    <subfield code="a">AGK</subfield>
    <subfield code="b">AGK</subfield>
    <subfield code="c">11/E</subfield>
    <subfield code="d">2018-07-28</subfield>
    <subfield code="l">0</subfield>
    <subfield code="p">AGK-5160</subfield>
    <subfield code="r">2023-04-17 00:00:00</subfield>
    <subfield code="w">2023-04-17</subfield>
    <subfield code="y">BK</subfield>
  </datafield>
  <datafield tag="952" ind1=" " ind2=" ">
    <subfield code="0">0</subfield>
    <subfield code="1">0</subfield>
    <subfield code="4">0</subfield>
    <subfield code="7">0</subfield>
    <subfield code="8">C</subfield>
    <subfield code="a">AGK</subfield>
    <subfield code="b">AGK</subfield>
    <subfield code="c">11/F</subfield>
    <subfield code="d">2018-07-17</subfield>
    <subfield code="l">0</subfield>
    <subfield code="p">AGK-4995</subfield>
    <subfield code="r">2023-04-17 00:00:00</subfield>
    <subfield code="w">2023-04-17</subfield>
    <subfield code="y">BK</subfield>
  </datafield>
  <datafield tag="952" ind1=" " ind2=" ">
    <subfield code="0">0</subfield>
    <subfield code="1">0</subfield>
    <subfield code="4">0</subfield>
    <subfield code="7">0</subfield>
    <subfield code="8">C</subfield>
    <subfield code="a">AGK</subfield>
    <subfield code="b">AGK</subfield>
    <subfield code="c">11/E</subfield>
    <subfield code="d">2018-07-17</subfield>
    <subfield code="l">0</subfield>
    <subfield code="p">AGK-4994</subfield>
    <subfield code="r">2023-04-17 00:00:00</subfield>
    <subfield code="w">2023-04-17</subfield>
    <subfield code="y">BK</subfield>
  </datafield>
  <datafield tag="952" ind1=" " ind2=" ">
    <subfield code="0">0</subfield>
    <subfield code="1">0</subfield>
    <subfield code="4">0</subfield>
    <subfield code="7">0</subfield>
    <subfield code="8">C</subfield>
    <subfield code="a">AGK</subfield>
    <subfield code="b">AGK</subfield>
    <subfield code="c">11/E</subfield>
    <subfield code="d">2018-07-17</subfield>
    <subfield code="l">0</subfield>
    <subfield code="p">AGK-4993</subfield>
    <subfield code="r">2023-04-17 00:00:00</subfield>
    <subfield code="w">2023-04-17</subfield>
    <subfield code="y">BK</subfield>
  </datafield>
  <datafield tag="952" ind1=" " ind2=" ">
    <subfield code="0">0</subfield>
    <subfield code="1">0</subfield>
    <subfield code="4">0</subfield>
    <subfield code="7">0</subfield>
    <subfield code="8">C</subfield>
    <subfield code="a">AGK</subfield>
    <subfield code="b">AGK</subfield>
    <subfield code="c">11/E</subfield>
    <subfield code="d">2018-07-17</subfield>
    <subfield code="l">0</subfield>
    <subfield code="p">AGK-4992</subfield>
    <subfield code="r">2023-04-17 00:00:00</subfield>
    <subfield code="w">2023-04-17</subfield>
    <subfield code="y">BK</subfield>
  </datafield>
  <datafield tag="952" ind1=" " ind2=" ">
    <subfield code="0">0</subfield>
    <subfield code="1">0</subfield>
    <subfield code="4">0</subfield>
    <subfield code="7">0</subfield>
    <subfield code="8">C</subfield>
    <subfield code="a">AGK</subfield>
    <subfield code="b">AGK</subfield>
    <subfield code="c">R7/B</subfield>
    <subfield code="d">2018-07-17</subfield>
    <subfield code="l">0</subfield>
    <subfield code="p">AGK-4991</subfield>
    <subfield code="r">2023-04-17 00:00:00</subfield>
    <subfield code="w">2023-04-17</subfield>
    <subfield code="y">BK</subfield>
  </datafield>
  <datafield tag="952" ind1=" " ind2=" ">
    <subfield code="0">0</subfield>
    <subfield code="1">0</subfield>
    <subfield code="4">0</subfield>
    <subfield code="7">0</subfield>
    <subfield code="8">C</subfield>
    <subfield code="a">AGK</subfield>
    <subfield code="b">AGK</subfield>
    <subfield code="c">R7/B</subfield>
    <subfield code="d">2018-07-17</subfield>
    <subfield code="l">0</subfield>
    <subfield code="p">AGK-4990</subfield>
    <subfield code="r">2023-04-17 00:00:00</subfield>
    <subfield code="w">2023-04-17</subfield>
    <subfield code="y">BK</subfield>
  </datafield>
  <datafield tag="952" ind1=" " ind2=" ">
    <subfield code="0">0</subfield>
    <subfield code="1">0</subfield>
    <subfield code="4">0</subfield>
    <subfield code="7">0</subfield>
    <subfield code="8">C</subfield>
    <subfield code="a">AGK</subfield>
    <subfield code="b">AGK</subfield>
    <subfield code="c">11/F</subfield>
    <subfield code="d">2018-07-17</subfield>
    <subfield code="l">1</subfield>
    <subfield code="p">AGK-4989</subfield>
    <subfield code="r">2026-01-27 00:00:00</subfield>
    <subfield code="s">2026-01-17</subfield>
    <subfield code="w">2023-04-17</subfield>
    <subfield code="y">BK</subfield>
  </datafield>
  <datafield tag="952" ind1=" " ind2=" ">
    <subfield code="0">0</subfield>
    <subfield code="1">0</subfield>
    <subfield code="4">0</subfield>
    <subfield code="7">0</subfield>
    <subfield code="8">C</subfield>
    <subfield code="a">AGK</subfield>
    <subfield code="b">AGK</subfield>
    <subfield code="c">11/F</subfield>
    <subfield code="d">2018-07-17</subfield>
    <subfield code="l">1</subfield>
    <subfield code="p">AGK-4988</subfield>
    <subfield code="r">2026-01-29 00:00:00</subfield>
    <subfield code="s">2026-01-17</subfield>
    <subfield code="w">2023-04-17</subfield>
    <subfield code="y">BK</subfield>
  </datafield>
  <datafield tag="952" ind1=" " ind2=" ">
    <subfield code="0">0</subfield>
    <subfield code="1">0</subfield>
    <subfield code="4">0</subfield>
    <subfield code="7">0</subfield>
    <subfield code="8">C</subfield>
    <subfield code="a">AGK</subfield>
    <subfield code="b">AGK</subfield>
    <subfield code="c">11/E</subfield>
    <subfield code="d">2018-07-17</subfield>
    <subfield code="l">0</subfield>
    <subfield code="p">AGK-4987</subfield>
    <subfield code="r">2023-04-17 00:00:00</subfield>
    <subfield code="w">2023-04-17</subfield>
    <subfield code="y">BK</subfield>
  </datafield>
  <datafield tag="952" ind1=" " ind2=" ">
    <subfield code="0">0</subfield>
    <subfield code="1">0</subfield>
    <subfield code="4">0</subfield>
    <subfield code="7">0</subfield>
    <subfield code="8">C</subfield>
    <subfield code="a">AGK</subfield>
    <subfield code="b">AGK</subfield>
    <subfield code="c">11/F</subfield>
    <subfield code="d">2018-07-17</subfield>
    <subfield code="l">0</subfield>
    <subfield code="p">AGK-4986</subfield>
    <subfield code="r">2023-04-17 00:00:00</subfield>
    <subfield code="w">2023-04-17</subfield>
    <subfield code="y">BK</subfield>
  </datafield>
  <datafield tag="952" ind1=" " ind2=" ">
    <subfield code="0">0</subfield>
    <subfield code="1">0</subfield>
    <subfield code="4">0</subfield>
    <subfield code="7">0</subfield>
    <subfield code="8">C</subfield>
    <subfield code="a">AGK</subfield>
    <subfield code="b">AGK</subfield>
    <subfield code="c">11/F</subfield>
    <subfield code="d">2018-07-17</subfield>
    <subfield code="l">1</subfield>
    <subfield code="p">AGK-4985</subfield>
    <subfield code="r">2026-01-29 00:00:00</subfield>
    <subfield code="s">2026-01-17</subfield>
    <subfield code="w">2023-04-17</subfield>
    <subfield code="y">BK</subfield>
  </datafield>
  <datafield tag="952" ind1=" " ind2=" ">
    <subfield code="0">0</subfield>
    <subfield code="1">0</subfield>
    <subfield code="4">0</subfield>
    <subfield code="7">0</subfield>
    <subfield code="8">C</subfield>
    <subfield code="a">AGK</subfield>
    <subfield code="b">AGK</subfield>
    <subfield code="c">11/E</subfield>
    <subfield code="d">2018-07-17</subfield>
    <subfield code="l">0</subfield>
    <subfield code="p">AGK-4984</subfield>
    <subfield code="r">2023-04-17 00:00:00</subfield>
    <subfield code="w">2023-04-17</subfield>
    <subfield code="y">BK</subfield>
  </datafield>
  <datafield tag="952" ind1=" " ind2=" ">
    <subfield code="0">0</subfield>
    <subfield code="1">0</subfield>
    <subfield code="4">0</subfield>
    <subfield code="7">0</subfield>
    <subfield code="8">C</subfield>
    <subfield code="a">AGK</subfield>
    <subfield code="b">AGK</subfield>
    <subfield code="c">11/E</subfield>
    <subfield code="d">2018-07-17</subfield>
    <subfield code="l">0</subfield>
    <subfield code="p">AGK-4983</subfield>
    <subfield code="r">2023-04-17 00:00:00</subfield>
    <subfield code="w">2023-04-17</subfield>
    <subfield code="y">BK</subfield>
  </datafield>
  <datafield tag="952" ind1=" " ind2=" ">
    <subfield code="0">0</subfield>
    <subfield code="1">0</subfield>
    <subfield code="4">0</subfield>
    <subfield code="7">0</subfield>
    <subfield code="8">C</subfield>
    <subfield code="a">AGK</subfield>
    <subfield code="b">AGK</subfield>
    <subfield code="c">11/E</subfield>
    <subfield code="d">2018-07-17</subfield>
    <subfield code="l">0</subfield>
    <subfield code="p">AGK-4982</subfield>
    <subfield code="r">2023-04-17 00:00:00</subfield>
    <subfield code="w">2023-04-17</subfield>
    <subfield code="y">BK</subfield>
  </datafield>
  <datafield tag="952" ind1=" " ind2=" ">
    <subfield code="0">0</subfield>
    <subfield code="1">0</subfield>
    <subfield code="4">0</subfield>
    <subfield code="7">0</subfield>
    <subfield code="8">C</subfield>
    <subfield code="a">AGK</subfield>
    <subfield code="b">AGK</subfield>
    <subfield code="c">11/E</subfield>
    <subfield code="d">2018-07-17</subfield>
    <subfield code="l">0</subfield>
    <subfield code="p">AGK-4981</subfield>
    <subfield code="r">2023-04-17 00:00:00</subfield>
    <subfield code="w">2023-04-17</subfield>
    <subfield code="y">BK</subfield>
  </datafield>
  <datafield tag="952" ind1=" " ind2=" ">
    <subfield code="0">0</subfield>
    <subfield code="1">0</subfield>
    <subfield code="4">0</subfield>
    <subfield code="7">0</subfield>
    <subfield code="8">C</subfield>
    <subfield code="a">AGK</subfield>
    <subfield code="b">AGK</subfield>
    <subfield code="c">11/B</subfield>
    <subfield code="d">2017-01-10</subfield>
    <subfield code="l">0</subfield>
    <subfield code="p">AGK-533</subfield>
    <subfield code="r">2023-04-17 00:00:00</subfield>
    <subfield code="w">2023-04-17</subfield>
    <subfield code="y">BK</subfield>
  </datafield>
  <datafield tag="952" ind1=" " ind2=" ">
    <subfield code="0">0</subfield>
    <subfield code="1">0</subfield>
    <subfield code="4">0</subfield>
    <subfield code="7">0</subfield>
    <subfield code="8">C</subfield>
    <subfield code="a">AGK</subfield>
    <subfield code="b">AGK</subfield>
    <subfield code="c">11/B</subfield>
    <subfield code="d">2017-01-10</subfield>
    <subfield code="l">0</subfield>
    <subfield code="p">AGK-532</subfield>
    <subfield code="r">2023-04-17 00:00:00</subfield>
    <subfield code="w">2023-04-17</subfield>
    <subfield code="y">BK</subfield>
  </datafield>
  <datafield tag="952" ind1=" " ind2=" ">
    <subfield code="0">0</subfield>
    <subfield code="1">0</subfield>
    <subfield code="4">0</subfield>
    <subfield code="7">0</subfield>
    <subfield code="8">C</subfield>
    <subfield code="a">AGK</subfield>
    <subfield code="b">AGK</subfield>
    <subfield code="c">11/B</subfield>
    <subfield code="d">2017-01-10</subfield>
    <subfield code="l">0</subfield>
    <subfield code="p">AGK-531</subfield>
    <subfield code="r">2023-04-17 00:00:00</subfield>
    <subfield code="w">2023-04-17</subfield>
    <subfield code="y">BK</subfield>
  </datafield>
  <datafield tag="952" ind1=" " ind2=" ">
    <subfield code="0">0</subfield>
    <subfield code="1">0</subfield>
    <subfield code="4">0</subfield>
    <subfield code="7">0</subfield>
    <subfield code="8">C</subfield>
    <subfield code="a">AGK</subfield>
    <subfield code="b">AGK</subfield>
    <subfield code="c">11/B</subfield>
    <subfield code="d">2017-01-10</subfield>
    <subfield code="l">8</subfield>
    <subfield code="p">AGK-530</subfield>
    <subfield code="r">2026-04-01 00:00:00</subfield>
    <subfield code="s">2026-02-23</subfield>
    <subfield code="w">2023-04-17</subfield>
    <subfield code="y">BK</subfield>
  </datafield>
  <datafield tag="952" ind1=" " ind2=" ">
    <subfield code="0">0</subfield>
    <subfield code="1">0</subfield>
    <subfield code="4">0</subfield>
    <subfield code="7">0</subfield>
    <subfield code="8">C</subfield>
    <subfield code="a">AGK</subfield>
    <subfield code="b">AGK</subfield>
    <subfield code="c">11/B</subfield>
    <subfield code="d">2017-01-10</subfield>
    <subfield code="l">2</subfield>
    <subfield code="p">AGK-529</subfield>
    <subfield code="q">2024-06-24</subfield>
    <subfield code="r">2024-06-24 00:00:00</subfield>
    <subfield code="s">2024-06-24</subfield>
    <subfield code="w">2023-04-17</subfield>
    <subfield code="y">BK</subfield>
  </datafield>
  <datafield tag="952" ind1=" " ind2=" ">
    <subfield code="0">0</subfield>
    <subfield code="1">0</subfield>
    <subfield code="4">0</subfield>
    <subfield code="7">0</subfield>
    <subfield code="8">C</subfield>
    <subfield code="a">AGK</subfield>
    <subfield code="b">AGK</subfield>
    <subfield code="c">11/B</subfield>
    <subfield code="d">2017-01-06</subfield>
    <subfield code="l">1</subfield>
    <subfield code="p">AGK-375</subfield>
    <subfield code="r">2026-05-06 00:00:00</subfield>
    <subfield code="s">2026-04-23</subfield>
    <subfield code="w">2023-04-17</subfield>
    <subfield code="y">BK</subfield>
  </datafield>
  <datafield tag="952" ind1=" " ind2=" ">
    <subfield code="0">0</subfield>
    <subfield code="1">0</subfield>
    <subfield code="4">0</subfield>
    <subfield code="7">0</subfield>
    <subfield code="8">C</subfield>
    <subfield code="a">AGK</subfield>
    <subfield code="b">AGK</subfield>
    <subfield code="c">11/B</subfield>
    <subfield code="d">2017-01-06</subfield>
    <subfield code="l">0</subfield>
    <subfield code="p">AGK-374</subfield>
    <subfield code="r">2023-04-17 00:00:00</subfield>
    <subfield code="w">2023-04-17</subfield>
    <subfield code="y">BK</subfield>
  </datafield>
  <datafield tag="952" ind1=" " ind2=" ">
    <subfield code="0">0</subfield>
    <subfield code="1">0</subfield>
    <subfield code="4">0</subfield>
    <subfield code="7">0</subfield>
    <subfield code="8">C</subfield>
    <subfield code="a">AGK</subfield>
    <subfield code="b">AGK</subfield>
    <subfield code="c">11/B</subfield>
    <subfield code="d">2017-01-06</subfield>
    <subfield code="l">2</subfield>
    <subfield code="p">AGK-373</subfield>
    <subfield code="q">2026-07-02</subfield>
    <subfield code="r">2026-07-02 11:33:33</subfield>
    <subfield code="s">2026-07-02</subfield>
    <subfield code="w">2023-04-17</subfield>
    <subfield code="y">BK</subfield>
  </datafield>
  <datafield tag="952" ind1=" " ind2=" ">
    <subfield code="0">0</subfield>
    <subfield code="1">0</subfield>
    <subfield code="4">0</subfield>
    <subfield code="7">0</subfield>
    <subfield code="8">C</subfield>
    <subfield code="a">AGK</subfield>
    <subfield code="b">AGK</subfield>
    <subfield code="c">11/B</subfield>
    <subfield code="d">2016-12-30</subfield>
    <subfield code="l">0</subfield>
    <subfield code="p">AGK-22</subfield>
    <subfield code="r">2023-04-17 00:00:00</subfield>
    <subfield code="w">2023-04-17</subfield>
    <subfield code="y">BK</subfield>
  </datafield>
  <datafield tag="952" ind1=" " ind2=" ">
    <subfield code="0">0</subfield>
    <subfield code="1">0</subfield>
    <subfield code="4">0</subfield>
    <subfield code="7">0</subfield>
    <subfield code="8">C</subfield>
    <subfield code="a">AGK</subfield>
    <subfield code="b">AGK</subfield>
    <subfield code="c">11/B</subfield>
    <subfield code="d">2016-12-30</subfield>
    <subfield code="l">0</subfield>
    <subfield code="p">AGK-21</subfield>
    <subfield code="r">2023-04-17 00:00:00</subfield>
    <subfield code="w">2023-04-17</subfield>
    <subfield code="y">BK</subfield>
  </datafield>
  <datafield tag="952" ind1=" " ind2=" ">
    <subfield code="0">0</subfield>
    <subfield code="1">0</subfield>
    <subfield code="4">0</subfield>
    <subfield code="7">0</subfield>
    <subfield code="8">C</subfield>
    <subfield code="a">AGK</subfield>
    <subfield code="b">AGK</subfield>
    <subfield code="c">11/B</subfield>
    <subfield code="d">2016-12-30</subfield>
    <subfield code="l">0</subfield>
    <subfield code="p">AGK-20</subfield>
    <subfield code="r">2023-04-17 00:00:00</subfield>
    <subfield code="w">2023-04-17</subfield>
    <subfield code="y">BK</subfield>
  </datafield>
  <datafield tag="952" ind1=" " ind2=" ">
    <subfield code="0">0</subfield>
    <subfield code="1">0</subfield>
    <subfield code="4">0</subfield>
    <subfield code="7">0</subfield>
    <subfield code="8">C</subfield>
    <subfield code="a">AGK</subfield>
    <subfield code="b">AGK</subfield>
    <subfield code="d">2016-11-19</subfield>
    <subfield code="l">0</subfield>
    <subfield code="p">AGK-H-409</subfield>
    <subfield code="r">2023-04-17 00:00:00</subfield>
    <subfield code="w">2023-04-17</subfield>
    <subfield code="y">BK</subfield>
  </datafield>
  <datafield tag="952" ind1=" " ind2=" ">
    <subfield code="0">0</subfield>
    <subfield code="1">0</subfield>
    <subfield code="4">0</subfield>
    <subfield code="7">0</subfield>
    <subfield code="8">C</subfield>
    <subfield code="a">AGK</subfield>
    <subfield code="b">AGK</subfield>
    <subfield code="d">2016-11-19</subfield>
    <subfield code="l">1</subfield>
    <subfield code="p">AGK-H-408</subfield>
    <subfield code="r">2026-04-11 00:00:00</subfield>
    <subfield code="s">2026-01-30</subfield>
    <subfield code="w">2023-04-17</subfield>
    <subfield code="y">BK</subfield>
  </datafield>
</record>
